Statistiques concernant Petit Bac #43 - Communes de Champagne-Ardenne

Cliquez ici pour prendre le quiz!

Statistiques générales

  • Ce quiz a été pris 283 fois
    (214 depuis la dernière actualisation)
  • Le résultat moyen est 7 sur 15

Statistiques - réponses

1ère LettreCommune (5000+ hab.)% Correct
CCharleville-Mézières / Châlons-en-Champagne / Chaumont / Cormontreuil
96%
RReims / Romilly-sur-Seine / Rethel / Revin
96%
SSaint-Dizier / Sedan / Saint-André-les-Vergers / Sainte-Savine / Saint-Julien-les-Villas / Saint-Memmie
80%
TTroyes / Tinqueux
80%
EÉpernay
71%
VVitry-le-François
51%
LLa Chapelle-Saint-Luc / Langres
44%
NNogent-sur-Seine / Nouzonville
35%
GGivet
28%
WWitry-lès-Reims
23%
BBétheny / Bogny-sur-Meuse
19%
FFismes
19%
AAÿ-Champagne
18%
MMourmelon-le-Grand
15%
PPont-Sainte-Marie
8%

Distribution des résultats

Percentile par nombre de réponses

% des personnes avec chaque résultat

Votre développement - résultats

Vous n’avez pas pris ce quiz depuis la dernière actualisation